Нормален изглед
MARC изглед
- Якова, Лиза
Вход 01. Лично име
001 - Контролен номер на записа
- Контролно поле: 419397
003 - Код на организацията, даваща контролен номер
- Контролно поле: BLK
005 - Дата и час на последна промяна на записа
- Контролно поле: 20200721143736.0
008 - Данни с фиксирана дължина – обща информация
- Данни с фиксирана дължина : 200721|| aca||aabn | a|a d
100 ## - ИМЕ НА ЛИЦЕ -ПЪРВИЧНА ИНТЕЛЕКТУАЛНА ОТГОВОРНОСТ
- Лично име: Якова, Лиза
- Ключова дума за отношение: Състав.
942 ## - Системна служебна употреба
- Koha auth type: PERSO_NAME